[Event "OGOLNOPOLSKA OLIMPIADA MLODZIEZY<br/>MISTRZOSTWA POLSKI JUNIOROW 2016 - C12"]
[Site "Olecko"]
[Date "2016-05-07"]
[Round "8.6"]
[White "Poltorak, Sebastian"]
[Black "Suder, Jakub"]
[Result "1/2-1/2"]
[WhiteTitle "II+"]
[BlackTitle "I"]
[WhiteElo "1623"]
[BlackElo "1763"]

1. d4 Nf6 2. c4 d6 3. Nc3 Nbd7 4. e4 e5 5. d5 Nc5 6. Qc2 a5 7. Nge2 Be7 8. Ng3
O-O 9. Be2 Ne8 10. Be3 Bg5 11. Bxg5 Qxg5 12. Qd2 Qxd2+ 13. Kxd2 g6 14. f3 f5 15.
Rhf1 Bd7 16. Bd3 f4 17. Nh1 Nf6 18. Nf2 g5 19. Be2 Kf7 20. Nb5 Na6 21. Nd3 h5
22. h3 Rh8 23. Rh1 g4 24. hxg4 hxg4 25. Rag1 Nh5 26. Nc3 Ng3 27. Rxh8 Rxh8 28.
fxg4 Nxe2 29. Kxe2 Bxg4+ 30. Kf1 Kf6 31. Nf2 Kg5 32. Nxg4 Kxg4 33. a3 Nc5 34.
b4 axb4 35. axb4 Nd3 36. b5 f3 37. Nd1 Kf4 38. Nf2 fxg2+ 39. Rxg2 Nxf2 40. Kxf2
Rh7 41. Ke2 Kxe4 42. Rg4+ Kf5 43. Rg8 b6 44. Ke3 Rh3+ 45. Kd2 Rh2+ 46. Ke3 Rh3+
47. Kd2 Ke4 48. Rg4+ Kf3 49. Rg7 Kf2 50. Rf7+ Rf3 51. Re7 Ra3 52. Rf7+ Rf3 53.
Re7 Rf4 54. Rxc7 e4 55. Re7 e3+ 56. Rxe3 Rd4+ 57. Rd3 Rxc4 58. Rh3 Rc5 59. Rh6
Rxd5+ 60. Kc3 Ke3 61. Re6+ Kf4 62. Kc4 Rd1 63. Kc3 Kg5 64. Re7 Rd5 65. Kc4 Rc5+
1/2-1/2

[Event "OGOLNOPOLSKA OLIMPIADA MLODZIEZY<br/>MISTRZOSTWA POLSKI JUNIOROW 2016 - C12"]
[Site "Olecko"]
[Date "2016-05-07"]
[Round "8.7"]
[White "Turski, Bartlomiej"]
[Black "Luczak, Filip"]
[Result "1-0"]
[WhiteTitle "I"]
[BlackTitle "I"]
[WhiteElo "1704"]
[BlackElo "1662"]

1. e4 c5 2. Nf3 d6 3. d4 Nf6 4. Nc3 cxd4 5. Nxd4 a6 6. Be3 e5 7. Nf3 Be7 8. Bc4
Be6 9. Bxe6 fxe6 10. Ng5 Qd7 11. Qf3 h6 12. Qh3 Rg8 13. Nxe6 Kf7 14. Nd5 Nc6 15.
Nxf6 Bxf6 16. Ng5+ Ke7 17. Qxd7+ Kxd7 18. Nf3 Rac8 19. Kd2 Ne7 20. c3 b5 21. Rac1
Ng6 22. g3 Ke6 23. Rhd1 Rgd8 24. Ke2 Ne7 25. Nd2 Rc6 26. Nb3 Rc4 27. f3 Rdc8 28.
Rd3 Nc6 29. Rcd1 Be7 30. a3 Nd8 31. Nd2 R4c6 32. f4 Nf7 33. h4 exf4 34. Bxf4 g5
35. hxg5 hxg5 36. Be3 Ne5 37. Rd5 Rh8 38. Nf3 Rc4 39. Bd4 Bf6 40. b3 Rc6 41. Nxe5
Rh2+ 42. Kf3 dxe5 43. Bc5 Rc2 44. Rd6+ Rxd6 45. Rxd6+ Kf7 46. Bb4 a5 47. Bxa5
Rb2 48. Bb4 Rxb3 49. Rb6 Rb1 50. Rxb5 Rg1 51. a4 Rf1+ 52. Ke2 Ra1 53. a5 g4 54.
Rb7+ Kg6 55. Rb6 Ra2+ 56. Ke3 Rg2 57. Be7 Rxg3+ 58. Ke2 Rxc3 59. Bxf6 Ra3 60.
Be7+ 1-0

[Event "OGOLNOPOLSKA OLIMPIADA MLODZIEZY<br/>MISTRZOSTWA POLSKI JUNIOROW 2016 - C12"]
[Site "Olecko"]
[Date "2016-05-07"]
[Round "8.8"]
[White "Jaszczuk, Hubert"]
[Black "Bachor, Tomasz"]
[Result "0-1"]
[WhiteTitle "II+"]
[BlackTitle "II+"]
[WhiteElo "1545"]
[BlackElo "1742"]

1. e4 c6 2. d4 d5 3. exd5 cxd5 4. Bd3 Nc6 5. c3 Nf6 6. Bf4 Bg4 7. Qb3 Qc8 8. Nd2
e6 9. Ngf3 Be7 10. O-O O-O 11. Ne5 Bh5 12. Rfe1 Nxe5 13. dxe5 Nd7 14. Qc2 Bg6
15. Re3 Nc5 16. Bxg6 hxg6 17. Rh3 Qc7 18. Re1 Rfd8 19. g4 d4 20. g5 Na6 21. Qb1
Rac8 22. Nb3 dxc3 23. bxc3 Bc5 24. Re4 Qb6 25. Qe1 Rd7 26. Bd2 Rcd8 27. Reh4 Kf8
28. Rh7 Qc7 29. Rh8+ Ke7 30. Rxd8 Rxd8 31. Rh7 Rd5 32. Bf4 Qd8 33. Qe4 Qg8 34.
Rh3 Qd8 35. Rh7 Qg8 36. Rh3 Qd8 37. Rh7 Qb6 38. Rxg7 Bxf2+ 39. Kg2 Kf8 40. Rh7
Kg8 41. Rh6 Kg7 42. Qa4 Be1 43. Bg3 Bxg3 44. hxg3 Qb5 45. Qf4 Qe2+ 46. Kh3 Qxe5
47. Nd4 Qxf4 48. gxf4 Rc5 49. Ne2 Ra5 0-1

[Event "OGOLNOPOLSKA OLIMPIADA MLODZIEZY<br/>MISTRZOSTWA POLSKI JUNIOROW 2016 - C12"]
[Site "Olecko"]
[Date "2016-05-07"]
[Round "8.9"]
[White "Lichorad, Mateusz"]
[Black "Norek, Bartosz"]
[Result "1-0"]
[WhiteTitle "II"]
[BlackTitle "II+"]
[WhiteElo "1644"]
[BlackElo "1687"]

1. e4 c5 2. c4 Nc6 3. Nc3 g6 4. d3 a6 5. g3 Bg7 6. Bg2 b5 7. Nge2 b4 8. Nb1 e6
9. O-O Nge7 10. Nd2 a5 11. Rb1 O-O 12. Nb3 d6 13. Be3 a4 14. Nd2 Ne5 15. Nf3 Ng4
16. Bd2 f5 17. h3 Nf6 18. e5 dxe5 19. Nxe5 Ra7 20. Be3 Rc7 21. Qxa4 Nh5 22. Nf3
Qxd3 23. Nf4 Nxf4 24. Bxf4 Qd7 25. Qa5 Ra7 26. Qxc5 Nc6 27. Rfd1 Qe8 28. Ne5 Nxe5
29. Qxa7 Rf7 30. Qc5 Nd7 31. Qb5 e5 32. Be3 f4 33. Bd2 fxg3 34. fxg3 e4 35. Be3
Be5 36. g4 Bg7 37. Rf1 Rxf1+ 38. Rxf1 Bxb2 39. Qd5+ Kg7 40. Bd4+ 1-0

[Event "OGOLNOPOLSKA OLIMPIADA MLODZIEZY<br/>MISTRZOSTWA POLSKI JUNIOROW 2016 - C12"]
[Site "Olecko"]
[Date "2016-05-07"]
[Round "8.10"]
[White "Majewski, Krzysztof"]
[Black "Wolaniecki, Patryk"]
[Result "0-1"]
[WhiteTitle "II"]
[BlackTitle "I"]
[WhiteElo "1492"]
[BlackElo "1585"]

1. e4 c5 2. Nf3 Nc6 3. d4 cxd4 4. Nxd4 e6 5. Be3 Nf6 6. Bd3 Qc7 7. O-O d5 8. Nc3
Bd6 9. h3 Nxd4 10. Bxd4 e5 11. Nb5 Qd7 12. Nxd6+ Qxd6 13. Bc3 d4 14. Bd2 O-O 15.
f4 exf4 16. Bxf4 Qb6 17. Bg5 Nd7 18. Qh5 Qg6 19. Qxg6 hxg6 20. Bf4 Re8 21. Rad1
Nc5 22. Rfe1 Bd7 23. b4 Ne6 24. Bd6 Rac8 25. Kf2 Bc6 26. h4 Ba4 27. Re2 Rc3 28.
b5 Rec8 29. Bb4 Bxc2 30. Bxc2 Rxc2 31. Rxc2 Rxc2+ 32. Rd2 Rc4 33. a3 Nc7 34. b6
axb6 35. Ke2 Na6 36. Kd3 b5 37. Bd6 b6 38. Rb2 Nc5+ 39. Bxc5 bxc5 40. Rxb5 Rc3+
41. Kd2 Rxa3 42. Rxc5 Re3 43. Rc8+ Kh7 44. Re8 Rg3 45. Rf8 f6 46. Re8 Rxg2+ 47.
Kd3 Rg4 48. Kxd4 f5 49. Ke3 Rxe4+ 50. Rxe4 fxe4 51. Kxe4 Kh6 52. Kf4 Kh5 53. Kg3
g5 54. hxg5 Kxg5 55. Kf2 Kg4 56. Kf1 Kh3 57. Kg1 g5 58. Kh1 Kg3 59. Kg1 g4 60.
Kh1 Kf2 0-1

[Event "OGOLNOPOLSKA OLIMPIADA MLODZIEZY<br/>MISTRZOSTWA POLSKI JUNIOROW 2016 - C12"]
[Site "Olecko"]
[Date "2016-05-07"]
[Round "8.11"]
[White "Skurniak, Szymon"]
[Black "Sieczkowski, Adam"]
[Result "0-1"]
[WhiteTitle "I"]
[BlackTitle "II"]
[WhiteElo "1694"]
[BlackElo "1494"]

1. e4 c5 2. Nf3 Nc6 3. d4 cxd4 4. Nxd4 Nf6 5. Nc3 d6 6. Bg5 e6 7. Qd2 Be7 8. O-O-O
a6 9. f3 Qc7 10. g4 Bd7 11. h4 Nxd4 12. Qxd4 b5 13. Be3 e5 14. Qd2 b4 15. Ne2
Bb5 16. Ng3 Bxf1 17. Rhxf1 g6 18. Qxb4 O-O 19. Qd2 Rab8 20. Qh2 Rfc8 21. c3 d5
22. exd5 Ba3 23. Ne2 Bxb2+ 24. Kd2 Bxc3+ 25. Nxc3 Rb2+ 26. Ke1 Rxh2 27. Rc1 Nxd5
28. Ne2 Qa5+ 29. Bd2 Rxc1+ 30. Nxc1 Qxd2# 0-1

[Event "OGOLNOPOLSKA OLIMPIADA MLODZIEZY<br/>MISTRZOSTWA POLSKI JUNIOROW 2016 - C12"]
[Site "Olecko"]
[Date "2016-05-07"]
[Round "8.12"]
[White "Kacprzak, Karol"]
[Black "Kabacinski, Krzysztof"]
[Result "0-1"]
[WhiteTitle "I"]
[BlackTitle "II"]
[WhiteElo "1556"]
[BlackElo "1636"]

1. e4 c5 2. Nf3 d6 3. d4 cxd4 4. Nxd4 Nf6 5. Nc3 g6 6. Be3 Bg7 7. f3 O-O 8. Bc4
Nc6 9. Qd2 Bd7 10. O-O-O Qa5 11. h4 Nxd4 12. Bxd4 b5 13. Bb3 b4 14. Nd5 Nxd5 15.
Bxd5 Bxd4 16. Qxd4 Rac8 17. Kb1 Qc5 18. Qxc5 Rxc5 19. Rd2 a5 20. a3 bxa3 21. bxa3
Rb8+ 22. Ka1 Rc3 23. Rb1 Rxa3+ 24. Ba2 Rxb1+ 25. Kxb1 Be6 26. Bxe6 fxe6 27. Re2
Kf7 28. Kb2 Ra4 29. Re1 d5 30. Kb3 Rb4+ 31. Kc3 d4+ 32. Kd3 e5 33. g3 a4 34. Ra1
h6 35. g4 Kf6 36. Kd2 Ke6 37. Kd3 Kd7 38. Kd2 Kc7 39. Kd3 Kb6 40. Kd2 Ka5 41.
Ke2 Rb2 42. Kd2 Kb4 43. Kd1 a3 44. Kc1 e6 45. g5 h5 0-1

[Event "OGOLNOPOLSKA OLIMPIADA MLODZIEZY<br/>MISTRZOSTWA POLSKI JUNIOROW 2016 - C12"]
[Site "Olecko"]
[Date "2016-05-07"]
[Round "8.13"]
[White "Dolata, Marcin"]
[Black "Panek, Bartosz"]
[Result "0-1"]
[WhiteTitle "II"]
[BlackTitle "II"]
[WhiteElo "1345"]
[BlackElo "1473"]

1. e4 e6 2. d3 b6 3. Nd2 Bb7 4. Ngf3 d5 5. g3 Nf6 6. e5 Nfd7 7. Bg2 c5 8. O-O Nc6
9. Re1 Be7 10. Nf1 h6 11. h4 Qc7 12. Qe2 O-O-O 13. Bf4 Rdg8 14. Qd2 Qd8 15. d4
c4 16. c3 g5 17. hxg5 hxg5 18. Be3 f5 19. exf6 Bxf6 20. b4 g4 21. N3h2 Qe7 22.
Bf4 Nd8 23. Qe2 Qg7 24. b5 Bg5 25. Qxg4 Bxf4 26. Qxf4 Rf8 27. Qd2 Nf6 28. Qe2
Ne4 29. Bxe4 dxe4 30. Qxc4+ Kb8 31. Re3 Rf5 32. Rb1 Rfh5 33. Rb2 Qh6 34. Qa4 Rxh2
35. Nxh2 Qxh2+ 36. Kf1 Rf8 37. c4 Qh1+ 38. Ke2 Qg1 39. f4 exf3+ 40. Kd3 f2 41.
Rxf2 Rxf2 42. c5 Qf1+ 43. Kc3 Qc1+ 44. Kd3 Rd2# 0-1

[Event "OGOLNOPOLSKA OLIMPIADA MLODZIEZY<br/>MISTRZOSTWA POLSKI JUNIOROW 2016 - C12"]
[Site "Olecko"]
[Date "2016-05-07"]
[Round "8.14"]
[White "Fiedorek, Michal"]
[Black "Ochedzan, Tymon"]
[Result "1-0"]
[WhiteTitle "I"]
[BlackTitle "II+"]
[WhiteElo "1783"]
[BlackElo "1664"]

1. e4 c5 2. Nf3 d6 3. d4 cxd4 4. Nxd4 Nf6 5. Nc3 a6 6. g3 e5 7. Nde2 b5 8. Bg2
Bb7 9. Nd5 Nxd5 10. exd5 Nd7 11. O-O f5 12. f4 g6 13. Re1 Qb6+ 14. Nd4 O-O-O 15.
Be3 exd4 16. Bxd4 Nc5 17. b4 Bg7 18. bxc5 Bxd4+ 19. Qxd4 Qxc5 20. Qxc5+ dxc5 21.
Re5 c4 22. Rd1 Rd6 23. Kf2 Rhd8 24. Ke3 Kc7 25. Kd4 Kb6 26. a4 h5 27. a5+ Kc7
28. Re7+ R8d7 29. Rxd7+ Kxd7 30. Re1 Ba8 31. Re6 Kc7 32. Ke5 Rxe6+ 33. Kxe6 b4
34. Bf1 c3 35. Bc4 Bb7 36. Ke7 Bc8 37. d6+ Kc6 38. Bb3 Kb5 39. d7 Bxd7 40. Kxd7
Kxa5 41. Kc6 g5 42. fxg5 f4 43. g6 fxg3 44. hxg3 h4 45. g7 h3 46. g8=Q h2 47.
Qd8# 1-0

[Event "OGOLNOPOLSKA OLIMPIADA MLODZIEZY<br/>MISTRZOSTWA POLSKI JUNIOROW 2016 - C12"]
[Site "Olecko"]
[Date "2016-05-07"]
[Round "8.15"]
[White "Trybus, Daniel"]
[Black "Stolarski, Adam"]
[Result "1-0"]
[WhiteTitle "II+"]
[BlackTitle "I"]
[WhiteElo "1711"]
[BlackElo "1733"]

1. d4 d5 2. c4 e6 3. Nc3 Nf6 4. Nf3 Be7 5. g3 O-O 6. cxd5 exd5 7. Bg2 b6 8. O-O
Bb7 9. Qb3 Nc6 10. Re1 Re8 11. Bf4 Na5 12. Qc2 c5 13. Be5 Nc6 14. Rad1 c4 15.
Ng5 Nb4 16. Qb1 g6 17. Qc1 Ng4 18. Nf3 g5 19. h4 f6 20. Bh3 Bc8 21. hxg5 fxe5
22. Bxg4 Bxg4 23. Nxe5 Bh5 24. a3 Na6 25. f4 Bd6 26. Nxd5 Bxe5 27. dxe5 Qc8 28.
Nf6+ Kh8 29. e6 Bg6 30. Qc3 Qc5+ 31. e3 Qa5 32. Qxa5 bxa5 33. Nxe8 Rxe8 34. e4
Bh5 35. Rd6 Nc5 36. f5 Nd3 37. Rf1 Nc5 38. Rf4 Kg8 39. g4 Nd3 40. Rxd3 cxd3 41.
gxh5 d2 42. Rf1 Rc8 43. f6 Rc1 44. f7+ Kf8 45. e7+ 1-0

[Event "OGOLNOPOLSKA OLIMPIADA MLODZIEZY<br/>MISTRZOSTWA POLSKI JUNIOROW 2016 - C12"]
[Site "Olecko"]
[Date "2016-05-07"]
[Round "8.16"]
[White "Gorkiewicz, Mateusz"]
[Black "Skawinski, Szymon"]
[Result "1-0"]
[WhiteTitle "II"]
[BlackTitle "II"]
[WhiteElo "1721"]
[BlackElo "1348"]

1. e4 e5 2. Nf3 Nc6 3. d4 exd4 4. Nxd4 Nf6 5. Nc3 Bb4 6. Nxc6 bxc6 7. Bd3 d5 8.
exd5 cxd5 9. O-O O-O 10. Bg5 c6 11. Qf3 Be7 12. Rae1 Be6 13. Ne2 Re8 14. Nd4 Bg4
15. Qg3 Qd7 16. h3 Be6 17. f4 Qc8 18. f5 Bd7 19. Rxe7 Nh5 20. Rxe8+ Qxe8 21. Qh4
g6 22. fxg6 hxg6 23. Re1 Qf8 24. Nf3 Be6 25. Bxg6 fxg6 26. Rxe6 Qc5+ 27. Nd4 Kh7
28. Re7+ Kg8 29. Qf2 Rf8 30. Qe3 Ng7 31. Rxg7+ Kh8 32. Rxg6 1-0

[Event "OGOLNOPOLSKA OLIMPIADA MLODZIEZY<br/>MISTRZOSTWA POLSKI JUNIOROW 2016 - C12"]
[Site "Olecko"]
[Date "2016-05-07"]
[Round "8.17"]
[White "Bukala, Norbert"]
[Black "Oleksy, Krzysztof"]
[Result "0-1"]
[WhiteTitle "II"]
[BlackTitle "I"]
[WhiteElo "1415"]
[BlackElo "1653"]

1. d4 Nf6 2. c4 e6 3. Nc3 Bb4 4. Bg5 h6 5. Bh4 O-O 6. a3 Be7 7. e3 c5 8. Bg3 cxd4
9. exd4 a6 10. Nf3 d5 11. cxd5 Nxd5 12. Bc4 Nf6 13. O-O b5 14. Be2 Bb7 15. Ne5
Qb6 16. Bf3 Nc6 17. Bxc6 Bxc6 18. Nxc6 Qxc6 19. Qe2 Rfd8 20. Rfd1 Rac8 21. f3
Nd5 22. Rac1 Bf6 23. Bf2 Qc4 24. Qc2 Bg5 25. Ra1 Nxc3 26. bxc3 Qxc3 27. Qe4 Bf6
28. h4 Qc2 29. Qb7 Qc6 30. Qxc6 Rxc6 31. Ra2 Rcd6 32. Rad2 Rd5 33. Kf1 e5 34.
dxe5 Rxd2 35. Rxd2 Rxd2 36. exf6 gxf6 37. Be3 Rd3 38. Bc5 Rb3 39. Bb4 Kg7 40.
Kf2 Kg6 41. g4 a5 42. Bd6 b4 43. axb4 Rxb4 44. Kg3 Rb3 45. h5+ Kg7 46. Kf2 a4
47. Bc5 a3 48. Bd4 a2 49. f4 Rb4 50. Bc3 Rxf4+ 51. Kg3 Rf1 52. g5 hxg5 53. h6+
Kxh6 54. Kg4 a1=Q 55. Bxf6 Qa4+ 56. Kg3 Qf4+ 57. Kg2 Qf3+ 58. Kh2 Rh1# 0-1

[Event "OGOLNOPOLSKA OLIMPIADA MLODZIEZY<br/>MISTRZOSTWA POLSKI JUNIOROW 2016 - C12"]
[Site "Olecko"]
[Date "2016-05-07"]
[Round "8.18"]
[White "Czechowski, Jakub"]
[Black "Chudzik, Jakub"]
[Result "1-0"]
[WhiteTitle "II"]
[BlackTitle "II+"]
[WhiteElo "1652"]
[BlackElo "1388"]

1. e4 c5 2. Nf3 d6 3. d4 cxd4 4. Nxd4 Nf6 5. Nc3 a6 6. Be3 Bd7 7. f3 Nc6 8. Qd2
Nxd4 9. Bxd4 e5 10. Be3 Bc6 11. Bc4 Be7 12. O-O-O b5 13. Bb3 Qc7 14. g4 Rd8 15.
g5 Nd7 16. h4 Nc5 17. Nd5 Nxb3+ 18. axb3 Bxd5 19. Qxd5 Rc8 20. Rd2 Qa5 21. Kb1
Rf8 22. f4 exf4 23. Bxf4 Rc5 24. Qd4 b4 25. Qxg7 Qc7 26. h5 a5 27. Rhd1 Rc6 28.
h6 Ra6 29. Qd4 Rg8 30. e5 Rg6 31. exd6 Bxd6 32. Qh8+ Kd7 33. Qxh7 Ke8 34. Qh8+
Kd7 35. h7 Rb6 36. Bxd6 Rbxd6 37. Rxd6+ Rxd6 38. Rxd6+ Qxd6 39. Qf6 Qd1+ 40. Ka2
Qxc2 41. h8=Q Qc7 42. Qxf7+ Kc6 43. Qxc7+ Kxc7 44. g6 1-0

[Event "OGOLNOPOLSKA OLIMPIADA MLODZIEZY<br/>MISTRZOSTWA POLSKI JUNIOROW 2016 - C12"]
[Site "Olecko"]
[Date "2016-05-07"]
[Round "8.19"]
[White "Bien, Hubert"]
[Black "Paprocki, Stanislaw"]
[Result "1/2-1/2"]
[WhiteTitle "II"]
[BlackTitle "II"]
[WhiteElo "1402"]
[BlackElo "1612"]

1. d4 Nf6 2. c4 g6 3. Nc3 d5 4. Bg5 c6 5. e3 Bg7 6. Nf3 O-O 7. Rc1 Qb6 8. Qb3 Qxb3
9. axb3 e6 10. Bd3 Nbd7 11. O-O Re8 12. Bf4 Bf8 13. c5 Nh5 14. Bg3 Nxg3 15. hxg3
f6 16. Nd2 e5 17. f4 Bg7 18. Kf2 exd4 19. exd4 f5 20. Ne2 Nf6 21. Nf3 Ne4+ 22.
Bxe4 dxe4 23. Ne5 Be6 24. b4 a5 25. bxa5 Rxa5 26. Ra1 Rea8 27. Rxa5 Rxa5 28. Nc3
Bb3 29. Rc1 Bf6 30. Ke3 Be6 31. Kd2 Bb3 32. Ke3 Be6 33. Kd2 Bb3 34. Ke3 Be6 35.
Kd2 Bb3 36. Ke3 Be6 37. Kd2 Bb3 1/2-1/2

[Event "OGOLNOPOLSKA OLIMPIADA MLODZIEZY<br/>MISTRZOSTWA POLSKI JUNIOROW 2016 - C12"]
[Site "Olecko"]
[Date "2016-05-07"]
[Round "8.20"]
[White "Wysocki, Mateusz"]
[Black "Swiech, Lukasz"]
[Result "1/2-1/2"]
[WhiteTitle "II"]
[BlackTitle "II"]
[WhiteElo "1469"]
[BlackElo "1295"]

1. e4 c5 2. Nf3 Nc6 3. d4 cxd4 4. Nxd4 e5 5. Nb3 Nf6 6. Nc3 Bb4 7. Bd3 O-O 8. O-O
Bxc3 9. bxc3 d5 10. exd5 Nxd5 11. Bb2 Nf4 12. Be4 Qg5 13. Kh1 Bg4 14. Qd2 Bf5
15. f3 Rad8 16. Qf2 Bxe4 17. fxe4 Qg6 18. Qf3 Ne6 19. Qf5 Qxf5 20. exf5 Nf4 21.
g3 Nd5 22. Rae1 b6 23. a3 Nf6 24. Kg2 Rfe8 25. c4 h6 26. Re2 Nh7 27. Rfe1 f6 28.
h4 Na5 29. Nxa5 bxa5 30. Bc3 Rc8 31. Bxa5 Rxc4 32. c3 Rb8 33. Rd1 Nf8 34. Bb4
Rcc8 35. Rd5 Ra8 36. Red2 Kf7 37. Kf3 Re8 38. a4 Rec8 39. Ke3 Rc4 40. a5 Rc7 41.
R2d3 Rc4 42. Rd8 Rcc8 43. R8d5 Rc4 44. Rb5 Rc7 45. Rc5 Rc6 46. Rb5 Rc7 47. Rbd5
1/2-1/2

[Event "OGOLNOPOLSKA OLIMPIADA MLODZIEZY<br/>MISTRZOSTWA POLSKI JUNIOROW 2016 - C12"]
[Site "Olecko"]
[Date "2016-05-07"]
[Round "8.21"]
[White "Szatkowski, Pawel"]
[Black "Popadowski, Wojciech"]
[Result "1/2-1/2"]
[WhiteTitle "II"]
[BlackTitle "II"]
[WhiteElo "1422"]
[BlackElo "1393"]

1. e4 c5 2. Nf3 d6 3. d4 cxd4 4. Nxd4 Nf6 5. Nc3 g6 6. Be2 Bg7 7. O-O O-O 8. Be3
Nc6 9. Nb3 Be6 10. Qd2 d5 11. exd5 Nxd5 12. Nxd5 Bxd5 13. Rab1 Be6 14. Qxd8 Rfxd8
15. Bf3 Bf5 16. Rfc1 Nb4 17. Bxb7 Rab8 18. Bf3 Bxc2 19. Rxc2 Nxc2 20. Bxa7 Rbc8
21. a3 Nd4 22. Bxd4 Bxd4 23. Nxd4 Rxd4 24. Kf1 Rd2 25. Bd1 Rb8 26. b4 Kf8 27.
b5 Rd6 28. a4 Ke8 29. a5 Rd5 30. a6 Rxd1+ 31. Rxd1 Rxb5 32. Ra1 Rb8 33. Ke2 Kd7
34. Kd3 e6 35. Kd4 Kd6 36. a7 Ra8 37. Ra6+ Kd7 38. Ke5 Ke7 39. Kd4 Kd7 40. Ke4
Ke8 41. f4 Kd8 42. g4 h5 43. gxh5 gxh5 44. h4 Ke8 45. Ke5 Ke7 46. Ke4 Ke8 47.
f5 Ke7 48. fxe6 fxe6 49. Ke5 Kf7 50. Kd6 e5 51. Kxe5 Ke7 52. Kf5 Kf8 53. Kg6 Kg8
54. Kxh5 Kh7 55. Kg4 Kg7 56. h5 Kh7 57. h6 Kg8 58. Kg5 Kh7 59. Kh5 Kg8 60. Kg6
Kh8 61. h7 Rxa7 62. Re6 Ra6 63. Rxa6 1/2-1/2

[Event "OGOLNOPOLSKA OLIMPIADA MLODZIEZY<br/>MISTRZOSTWA POLSKI JUNIOROW 2016 - C12"]
[Site "Olecko"]
[Date "2016-05-07"]
[Round "8.22"]
[White "Gazik, Jakub"]
[Black "Retz, Adrian"]
[Result "1/2-1/2"]
[WhiteTitle "II"]
[BlackTitle "II"]
[WhiteElo "1665"]
[BlackElo "1387"]

1. e4 c5 2. Nf3 a6 3. g3 e6 4. c3 Qa5 5. Bg2 Be7 6. O-O Nf6 7. e5 Nd5 8. d4 cxd4
9. Nxd4 Nc6 10. Nxc6 dxc6 11. Qg4 Rg8 12. Bd2 Qc7 13. Re1 b5 14. c4 Nb6 15. cxb5
axb5 16. Qe4 Bb7 17. Qxh7 O-O-O 18. Qc2 Nc4 19. b3 Nxe5 20. Nc3 Nd3 21. Re2 Bf6
22. Rd1 Nb4 23. Qb1 Nd3 24. Ne4 Bd4 25. Qxd3 Bxf2+ 26. Nxf2 Rxd3 27. Nxd3 Rd8
28. Bf4 Qb6+ 29. Kh1 c5 30. Red2 Bxg2+ 31. Kxg2 f6 32. Nf2 Rxd2 33. Rxd2 Qc6+
34. Kg1 e5 35. Be3 c4 36. bxc4 bxc4 37. Nd1 Qe4 38. Kf2 f5 39. Bg5 f4 40. gxf4
exf4 41. h4 c3 42. Rd8+ Kc7 43. Nxc3 Qe3+ 44. Kg2 f3+ 45. Kf1 Qxc3 46. Rd2 1/2-1/2

[Event "OGOLNOPOLSKA OLIMPIADA MLODZIEZY<br/>MISTRZOSTWA POLSKI JUNIOROW 2016 - C12"]
[Site "Olecko"]
[Date "2016-05-07"]
[Round "8.23"]
[White "Wojtasik, Szymon"]
[Black "Skorupka, Arkadiusz"]
[Result "1-0"]
[WhiteTitle "II"]
[BlackTitle "III"]
[WhiteElo "1151"]
[BlackElo "1180"]

1. e4 e6 2. d4 d5 3. e5 c5 4. c3 Nc6 5. Nf3 Qb6 6. Be2 Nge7 7. Na3 a6 8. Nc2 Nf5
9. O-O Be7 10. Re1 O-O 11. g4 Nh4 12. Nxh4 Bxh4 13. Bd3 c4 14. Be2 Nxe5 15. Rf1
Ng6 16. g5 Qd6 17. f4 f6 18. Bh5 fxg5 19. Bxg6 hxg6 20. fxg5 Bd7 21. Be3 Qe7 22.
Qg4 Bxg5 23. Qxg5 Qxg5+ 24. Bxg5 Ba4 25. Ne3 Rxf1+ 26. Rxf1 Rf8 27. Rxf8+ Kxf8
28. Ng4 Be8 29. Ne5 b5 30. Kf2 a5 31. Ke2 b4 32. cxb4 axb4 33. Kd2 Kg8 34. Kc2
Kf8 35. Bd2 Ba4+ 36. b3 cxb3+ 37. axb3 Bb5 38. Nxg6+ Kf7 39. Ne5+ Kf6 40. Bxb4
g5 41. Be1 Kf5 42. Bg3 Ke4 43. Kc3 Be2 44. Nf7 g4 45. Nd6+ Ke3 46. b4 Ba6 47.
b5 Bxb5 48. Nxb5 Ke4 49. Nc7 Kf5 50. Kd3 Kf6 51. Ke3 Kf5 52. Bf4 Kf6 53. Be5+
Kf5 54. Kf2 Kg5 55. Nxe6+ Kh4 56. Nf4 Kg5 57. Nxd5 Kh4 58. Nf6 Kh3 59. Nxg4 Kxg4
60. h3+ Kf5 61. Kf3 Ke4+ 62. Kxe4 1-0

[Event "OGOLNOPOLSKA OLIMPIADA MLODZIEZY<br/>MISTRZOSTWA POLSKI JUNIOROW 2016 - C12"]
[Site "Olecko"]
[Date "2016-05-07"]
[Round "9.1"]
[White "Oglaza, Oskar"]
[Black "Turski, Bartlomiej"]
[Result "1-0"]
[WhiteTitle "k"]
[BlackTitle "I"]
[WhiteElo "2132"]
[BlackElo "1704"]

1. e4 c5 2. Nf3 d6 3. d4 cxd4 4. Nxd4 Nf6 5. Nc3 Nc6 6. Bg5 e6 7. Qd2 a6 8. O-O-O
Bd7 9. f3 Rc8 10. Kb1 Be7 11. Be3 b5 12. g4 b4 13. Nce2 Ne5 14. Ng3 Nc4 15. Bxc4
Rxc4 16. g5 Ng8 17. f4 h6 18. h4 e5 19. Ndf5 hxg5 20. hxg5 Rxh1 21. Rxh1 Bxf5
22. Nxf5 exf4 23. Qd5 Rc8 24. Bxf4 Rc5 25. Qd4 g6 26. Rh8 Kd7 27. Bxd6 Rxf5 28.
Bxe7+ Kc6 29. Qc4+ Kd5 1-0

[Event "OGOLNOPOLSKA OLIMPIADA MLODZIEZY<br/>MISTRZOSTWA POLSKI JUNIOROW 2016 - C12"]
[Site "Olecko"]
[Date "2016-05-07"]
[Round "9.2"]
[White "Czopor, Maciej"]
[Black "Czernek, Tymon"]
[Result "1-0"]
[WhiteTitle "I+"]
[BlackTitle "I"]
[WhiteElo "1980"]
[BlackElo "1895"]

1. e4 c5 2. Nf3 d6 3. d4 cxd4 4. Nxd4 Nf6 5. Nc3 a6 6. Be2 e5 7. Nb3 Be7 8. Be3
Be6 9. Nd5 Bxd5 10. exd5 Nbd7 11. O-O O-O 12. c4 Nb6 13. Rc1 Rc8 14. Qd2 Nfd7
15. Na5 Qc7 16. b4 f5 17. f3 f4 18. Bf2 Nf6 19. c5 dxc5 20. d6 Qd7 21. bxc5 e4
22. Qb2 e3 23. Be1 Bxd6 24. Qxb6 Bc7 25. Qb3+ Kh8 26. Nxb7 Qc6 27. Na5 Bxa5 28.
Bxa5 Nd7 29. Rfd1 1-0

[Event "OGOLNOPOLSKA OLIMPIADA MLODZIEZY<br/>MISTRZOSTWA POLSKI JUNIOROW 2016 - C12"]
[Site "Olecko"]
[Date "2016-05-07"]
[Round "9.3"]
[White "Grzesik, Gracjan"]
[Black "Mechlinski, Jakub"]
[Result "1-0"]
[WhiteTitle "I"]
[BlackTitle "II+"]
[WhiteElo "1748"]
[BlackElo "1805"]

1. e4 e6 2. d4 d5 3. Nc3 dxe4 4. Nxe4 Nd7 5. Nf3 Ngf6 6. Bd3 Be7 7. O-O O-O 8.
Re1 c5 9. c3 Qc7 10. Qc2 h6 11. b3 b6 12. Bb2 Bb7 13. c4 cxd4 14. Bxd4 e5 15.
Bc3 Nh5 16. Ned2 Bd6 17. Ne4 Be7 18. Ned2 f6 19. Rad1 Rfd8 20. b4 Nf8 21. Be4
Rac8 22. Bf5 Rb8 23. Be4 Ba6 24. Qb3 g6 25. a4 Bc8 26. Bd5+ Kh7 27. c5 bxc5 28.
Bg8+ Kh8 29. Nxe5 c4 30. Bxc4 Kg7 31. Nc6 Qxc6 32. Rxe7+ Kh8 33. Rde1 Nf4 34.
Nf3 Rb7 35. b5 Nh3+ 36. Kf1 Qb6 37. Qb2 Rd6 38. Re8 Kg7 39. Rxc8 Rbd7 40. Rce8
h5 41. gxh3 Qb7 42. Qe2 1-0

[Event "OGOLNOPOLSKA OLIMPIADA MLODZIEZY<br/>MISTRZOSTWA POLSKI JUNIOROW 2016 - C12"]
[Site "Olecko"]
[Date "2016-05-07"]
[Round "9.4"]
[White "Baum, Jonasz"]
[Black "Sieczkowski, Adam"]
[Result "1-0"]
[WhiteTitle "I"]
[BlackTitle "II"]
[WhiteElo "1857"]
[BlackElo "1494"]

1. e4 c6 2. d4 d5 3. Nc3 dxe4 4. Nxe4 Bf5 5. Ng3 Bg6 6. h4 h6 7. Nf3 Nd7 8. h5
Bh7 9. Bd3 Bxd3 10. Qxd3 e6 11. Bd2 Ngf6 12. O-O-O Qc7 13. Ne4 O-O-O 14. g3 Nxe4
15. Qxe4 Nf6 16. Qe2 Bd6 17. c4 c5 18. Bc3 cxd4 19. Nxd4 a6 20. Kb1 Qe7 21. a3
Kb8 22. b4 Bc7 23. Bb2 Rhe8 24. Rc1 Ka8 25. Rhd1 Rd7 26. c5 Rd5 27. c6 b5 28.
Nb3 Red8 29. Nc5 Ka7 30. Rxd5 Rxd5 31. a4 Qd6 32. axb5 Rd2 33. Qe3 Ka8 34. Qa3
a5 35. bxa5 1-0

[Event "OGOLNOPOLSKA OLIMPIADA MLODZIEZY<br/>MISTRZOSTWA POLSKI JUNIOROW 2016 - C12"]
[Site "Olecko"]
[Date "2016-05-07"]
[Round "9.5"]
[White "Bachor, Tomasz"]
[Black "Dzida, Kamil"]
[Result "1-0"]
[WhiteTitle "II+"]
[BlackTitle "I"]
[WhiteElo "1742"]
[BlackElo "1838"]

1. e4 c5 2. Nf3 d6 3. d4 cxd4 4. Nxd4 Nf6 5. Nc3 a6 6. Be3 e5 7. Nf3 Be7 8. Bc4
O-O 9. O-O Nc6 10. Qe2 b5 11. Bd5 Bb7 12. a3 Qc7 13. Rfd1 Rac8 14. Rac1 h6 15.
Ne1 Na5 16. f3 Bxd5 17. Nxd5 Nxd5 18. Rxd5 Nc4 19. Rb1 f5 20. c3 fxe4 21. fxe4
Nxe3 22. Qxe3 Bg5 23. Qd3 Qb6+ 24. Kh1 Be7 25. Nf3 Rf4 26. Re1 Rcf8 27. Qe3 Qxe3
28. Rxe3 g5 29. h3 h5 30. Re2 g4 31. hxg4 hxg4 32. Nd2 Kf7 33. g3 Rf6 34. Kg2
Ke6 35. a4 bxa4 36. Ra5 Rb8 37. Nc4 Rh6 38. Ne3 Rg6 39. Rxa6 Bg5 40. Nf5 Rd8 41.
c4 Rb8 42. Rxa4 Rgg8 43. b4 Rgc8 44. b5 Rc5 45. Ra6 Rxc4 46. Rxd6+ Kf7 47. Rd5
Rb4 48. Rxe5 Kf6 49. Rc5 R8xb5 50. Rc6+ Ke5 51. Nd6 Be7 52. Nxb5 Rxb5 53. Rg6
Rb2 54. Rxb2 Bb4 55. Rg5+ 1-0